Statistics for Animals By Picture - Letter F

Click here to take the quiz!

General Stats

  • This quiz has been taken 299 times
  • The average score is 10 of 12

Answer Stats

Answer% Correct
Frog
99%
Fly
98%
Fox
97%
Flamingo
96%
Falcon
93%
Fish
88%
Ferret
87%
Flying Squirrel
81%
Flying-Fox
74%
Finch
63%
Fennec Fox
59%
Fossa
43%

Score Distribution

Percentile by Number Answered

Percent of People with Each Score

Your Score History

You have not taken this quiz